Countries Ending NA or AN Quiz Stats

 Plays Quiz not verified by Sporcle

Challenge
Share
Tweet
Embed
Score 0/22 Timer 04:00
0 Plays Today
Country % Correct
China
70.4%
Pakistan
60.6%
Afghanistan
57%
Uzbekistan
53.7%
Argentina
53.7%
Turkmenistan
53.1%
Kazakhstan
50.8%
Tajikistan
49.2%
Ghana
49.2%
Kyrgyzstan
47.2%
Iran
45.6%
Country % Correct
Japan
44.6%
Botswana
44%
Azerbaijan
41%
Oman
40.7%
Taiwan
35.8%
Bhutan
34.5%
Guyana
34.5%
Sudan
33.9%
Jordan
29.6%
South Sudan
27%
Bosnia and Herzegovina
25.1%

You're not logged in!

Compare scores with friends on all Sporcle quizzes.
Join for Free
OR
Log In

You Might Also Like...

Show Comments

Extras

Top Quizzes Today


Score Distribution

Your Account Isn't Verified!

In order to create a playlist on Sporcle, you need to verify the email address you used during registration. Go to your Sporcle Settings to finish the process.

Report this User

Report this user for behavior that violates our Community Guidelines.

Details: